000 00428nam a2200169Ia 4500
005 20250423095918.0
008 250422s9999 xx 000 0 und d
020 _a1- 4188- 3624- 9
050 _aQA 76.73 .B3 S3584/
100 _aSchray, Martin
245 0 _aJump start guide for Microsoft Visual Basic 2005
260 _aMass.
260 _bThomson Course Technology
260 _c2006
300 _a191 p
942 _cBK
999 _c31711
_d31711